000
00218nam a2200109Ia 4500
008
190216s9999||||xx |||||||||||||| ||und||
100
_a
Unknown
245
0
_a
Mashi
260
_b
Null
650
_a
English
942
_c
BK
999
_c
23518
_d
23518